000 00492nam a22001697a 4500
003 OSt
005 20260202050841.0
008 260202b |||||||| |||| 00| 0 eng d
020 _a0-684-83789-7
040 _aDWC-Admin lib
_cOC
082 _aFic. H373d 1997
100 _aHemingway, Ernest
245 _aThe dangerous summer /
_cErnest Hemingway
260 _a New York :
_bSimon & Schuster,
_cc1997.
300 _a228 p. ;
_c 21 cm.
942 _2ddc
_cFIC.
_e1st Touchstone ed.
_hFic.
_n0
999 _c8114
_d8114